[Event "Schachbundesliga 2011/2012"]
[Site "?"]
[Date "2012.04.14"]
[Round "14"]
[White "Fedorchuk, Sergey"]
[Black "Volokitin, Andrei"]
[Result "1-0"]
[WhiteElo "2635"]
[BlackElo "2686"]
[PlyCount "145"]
[EventDate "2012.??.??"]
[SourceDate "2012.04.15"]

1. e4 c5 2. Nf3 d6 3. d4 cxd4 4. Nxd4 Nf6 5. Nc3 a6 6. Bg5 Nbd7 7. Bc4 Qb6 8.
Bb3 e6 9. O-O Be7 10. Kh1 Nc5 11. Qe2 h6 12. Be3 Qc7 13. f4 Ncxe4 14. Nxe4 Nxe4
15. f5 e5 16. Qg4 Ng5 17. Ne6 fxe6 18. fxe6 g6 19. Rf7 h5 20. Qxg5 Bxg5 21.
Bxg5 Qxf7 22. exf7+ Kf8 23. Rd1 Bf5 24. Rxd6 h4 25. Kg1 Rc8 26. c3 Rh7 27. h3
Be4 28. Re6 Rxf7 29. Rxe5 Bb1 30. Re1 Bd3 31. Bxf7 Kxf7 32. Re7+ Kf8 33. Rxb7
Re8 34. Rd7 Re1+ 35. Kf2 Rf1+ 36. Ke3 Bb5 37. Rd2 Re1+ 38. Kd4 Rg1 39. Ke5 Kf7
40. Rf2+ Ke8 41. Bxh4 Bc6 42. Rf6 Kd7 43. Rd6+ Kc7 44. Bd8+ Kb7 45. Rxg6 Re1+
46. Kf4 Rf1+ 47. Ke3 Re1+ 48. Kd2 Rb1 49. Rg7+ Kc8 50. Ba5 Bxg2 51. Kc2 Be4+
52. Kb3 Rh1 53. Rg8+ Kb7 54. Rh8 Ra1 55. Rh4 Bb1 56. Ra4 Bf5 57. Rb4+ Ka7 58.
h4 Be6+ 59. c4 Bf7 60. Rb6 Rf1 61. Rc6 Kb7 62. Rc7+ Ka8 63. Kb4 Rf2 64. b3 Bh5
65. Rh7 Bd1 66. Rd7 Bg4 67. Rd4 Bc8 68. Ka3 Kb7 69. Rd2 Rf3 70. Rh2 Bg4 71. h5
Rf5 72. h6 Rxa5+ 73. Kb4 1-0

[Event "Schachbundesliga 2011/2012"]
[Site "Berlin GER"]
[Date "2012.04.14"]
[Round "14"]
[White "Fressinet, Laurent"]
[Black "Rabiega, Robert"]
[Result "1-0"]
[WhiteElo "2696"]
[BlackElo "2501"]
[PlyCount "105"]
[EventDate "2011.10.14"]

1. d4 d5 2. c4 dxc4 3. e4 Nc6 4. Nf3 Bg4 5. d5 Ne5 6. Bf4 Ng6 7. Bg3 e5 8. Bxc4
Bd6 9. Nbd2 Nf6 10. Bb5+ Bd7 11. Bxd7+ Qxd7 12. O-O O-O 13. Qb3 Nh5 14. Nc4
Nhf4 15. Rfe1 f6 16. Rac1 a5 17. Qe3 Bb4 18. Red1 b6 19. Kh1 Kh8 20. Rc2 a4 21.
Qc1 Bc5 22. Ne3 Ne7 23. Bxf4 exf4 24. Nc4 Ng6 25. Re2 b5 26. Na3 Bd6 27. Nc2
Ne5 28. Ncd4 a3 29. b3 Nxf3 30. Nxf3 Be5 31. Rc2 Rf7 32. Rc6 g5 33. Re6 Bb2 34.
Qc6 Rd8 35. h3 Qxc6 36. Rxc6 Re7 37. Rc5 b4 38. Rc4 Bc3 39. Kg1 Rde8 40. Kf1 h5
41. e5 Bxe5 42. Nxe5 fxe5 43. Rxb4 e4 44. Rb7 e3 45. fxe3 fxe3 46. Ke2 Rf7 47.
Rf1 Rxf1 48. Kxf1 Re5 49. Rxc7 Rxd5 50. Rc2 Kg7 51. Ke2 Kf6 52. Kxe3 Rd1 53.
Ke4 1-0

[Event "Schachbundesliga 2011/2012"]
[Site "Muelheim GER"]
[Date "2012.04.14"]
[Round "14"]
[White "Ragger, Markus"]
[Black "Vachier-Lagrave, Maxime"]
[Result "1-0"]
[WhiteElo "2655"]
[BlackElo "2715"]
[PlyCount "45"]
[EventDate "2011.10.14"]

1. Nf3 Nf6 2. c4 g6 3. Nc3 d5 4. cxd5 Nxd5 5. g3 Bg7 6. Bg2 O-O 7. O-O Nc6 8.
d4 Bf5 9. Re1 Qd7 10. Na4 Bg4 11. Nc5 Qc8 12. Ng5 Rd8 13. h3 Bh5 14. g4 Bxd4
15. Qb3 Bxc5 16. Bxd5 Bxg4 17. Nxf7 Nd4 18. Nxd8+ Kg7 19. Qg3 Qf5 20. Ne6+ Nxe6
21. Bxe6 Qxe6 22. hxg4 Rf8 23. Be3 1-0

[Event "Schachbundesliga 2011/2012"]
[Site "Baden Baden GER"]
[Date "2012.04.14"]
[Round "14"]
[White "Ruck, Robert"]
[Black "Naiditsch, Arkadij"]
[Result "0-1"]
[WhiteElo "2579"]
[BlackElo "2707"]
[PlyCount "108"]
[EventDate "2011.10.14"]

1. Nf3 c5 2. c4 Nc6 3. Nc3 g6 4. e3 Bg7 5. d4 d6 6. Be2 Nf6 7. O-O O-O 8. d5
Na5 9. e4 a6 10. Bf4 Bg4 11. Nd2 Bxe2 12. Qxe2 b5 13. cxb5 axb5 14. Nxb5 Nh5
15. Bg5 Bxb2 16. Rab1 Bg7 17. Rfc1 Qd7 18. Nf3 Rfb8 19. a4 Nf6 20. Bxf6 Bxf6
21. Nd2 Bg5 22. Rc3 e6 23. Nc4 exd5 24. exd5 Re8 25. Qd3 Ra6 26. Nxa5 Rxa5 27.
Rc4 Bf6 28. g3 h5 29. h4 Bg7 30. Rd1 Raa8 31. Kg2 f5 32. Rd2 Kh7 33. Re2 Rxe2
34. Qxe2 Re8 35. Qd2 Re5 36. f4 Re8 37. Kf2 Qd8 38. Qd3 Qf6 39. Qd2 Re7 40. Qd1
Qb2+ 41. Qc2 Qa1 42. Qc1 Qa2+ 43. Qc2 Bb2 44. Rc3 Qxd5 45. Re3 Rxe3 46. Kxe3
Bg7 47. Qd3 Qg2 48. Qxd6 c4 49. Qc7 Qxg3+ 50. Ke2 Qd3+ 51. Kf2 c3 52. Nd6 Qd4+
53. Kf3 c2 54. Ne8 Qc3+ 0-1

[Event "Schachbundesliga 2011/2012"]
[Site "Berlin GER"]
[Date "2012.04.14"]
[Round "14"]
[White "Spoelman, Wouter"]
[Black "Almasi, Zoltan"]
[Result "0-1"]
[WhiteElo "2563"]
[BlackElo "2710"]
[PlyCount "88"]
[EventDate "2011.10.14"]

1. d4 Nf6 2. c4 e6 3. Nc3 Bb4 4. f3 c5 5. d5 O-O 6. e4 Re8 7. Nge2 d6 8. Nf4
Bxc3+ 9. bxc3 e5 10. Nd3 Qa5 11. Bd2 Nbd7 12. g4 Nf8 13. h4 h5 14. g5 N6h7 15.
Bg2 Ng6 16. Qb3 Rb8 17. a4 Bd7 18. Kf2 Qd8 19. Bh3 Bxh3 20. Rxh3 a6 21. a5 Nhf8
22. Qa4 Nd7 23. Rb1 b6 24. axb6 Nxb6 25. Qxa6 Qc8 26. Qxc8 Rexc8 27. Ke2 Nxc4
28. Rxb8 Rxb8 29. Rh1 Rb3 30. Kd1 Ra3 31. Kc2 Nxd2 32. Kxd2 Ra2+ 33. Ke3 Rc2
34. c4 Rxc4 35. Ra1 Nxh4 36. Kf2 Rc2+ 37. Kg3 Ng2 38. Ra6 Ne3 39. g6 Rg2+ 40.
Kh4 Rxg6 41. Nxe5 dxe5 42. d6 Ng2+ 43. Kxh5 Nf4+ 44. Kh4 Rg2 0-1

[Event "Schachbundesliga 2011/2012"]
[Site "?"]
[Date "2012.04.14"]
[Round "14"]
[White "Stern, Rene"]
[Black "McShane, Luke"]
[Result "1/2-1/2"]
[WhiteElo "2506"]
[BlackElo "2671"]
[PlyCount "91"]
[EventDate "2012.??.??"]
[SourceDate "2012.04.15"]

1. d4 d6 2. Nf3 Nf6 3. c4 g6 4. Nc3 Bf5 5. e3 Bg7 6. Bd3 Bxd3 7. Qxd3 a6 8. O-O
c6 9. e4 b5 10. Qe2 O-O 11. e5 Ne8 12. Bg5 dxe5 13. dxe5 Nc7 14. Rad1 Qe8 15.
Qe3 Nd7 16. Rd2 Ne6 17. Bh6 bxc4 18. Bxg7 Kxg7 19. Ne4 Rb8 20. Nd4 Nxd4 21.
Qxd4 Nb6 22. e6+ Kg8 23. a3 fxe6 24. Ng5 Rf6 25. Qh4 h5 26. Re1 Rd8 27. Rde2
Qd7 28. h3 Qd4 29. Ne4 Kg7 30. Qg3 e5 31. Rd2 Qxe4 32. Rxe4 Rxd2 33. Qxe5 Nd5
34. Re2 Rd3 35. Rc2 Kf7 36. Rxc4 Rd1+ 37. Kh2 Rxf2 38. Rxc6 Nf4 39. Rc2 Rxc2
40. Qxf4+ Kg7 41. Qe5+ Kf7 42. Qf4+ Kg7 43. Qe4 Rdd2 44. Qxe7+ Kg8 45. Qe8+ Kg7
46. Qe7+ 1/2-1/2

[Event "Schachbundesliga 2011/2012"]
[Site "Baden Baden GER"]
[Date "2012.04.14"]
[Round "14"]
[White "Vallejo Pons, Francisco"]
[Black "Acs, Peter"]
[Result "0-1"]
[WhiteElo "2716"]
[BlackElo "2587"]
[PlyCount "96"]
[EventDate "2011.10.14"]

1. Nf3 d5 2. d4 Nf6 3. c4 c6 4. e3 Bg4 5. h3 Bxf3 6. Qxf3 e6 7. Nc3 Be7 8. Bd2
O-O 9. g4 Nbd7 10. g5 Ne8 11. h4 f5 12. gxf6 Ndxf6 13. Qh3 Qd7 14. Bd3 Nd6 15.
c5 Nf5 16. h5 b6 17. b4 Bd8 18. Rb1 bxc5 19. bxc5 Ba5 20. Ne2 Bxd2+ 21. Kxd2
Ne4+ 22. Bxe4 dxe4 23. Qh2 Rae8 24. h6 Nxh6 25. Rbg1 Kh8 26. Nf4 e5 27. Ng6+
hxg6 28. Rxg6 Rf7 29. Rxh6+ gxh6 30. Qxh6+ Rh7 31. Qf6+ Qg7 32. Rxh7+ Kxh7 33.
Qxc6 Qg6 34. Qd7+ Kg8 35. d5 Qf7 36. Qg4+ Kf8 37. Qxe4 Qxf2+ 38. Kd3 Qf1+ 39.
Kd2 Qf2+ 40. Kd3 Qf6 41. c6 Rb8 42. Kc4 Qf1+ 43. Kc5 Rb5+ 44. Kd6 Qf6+ 45. Kd7
Rb8 46. Qh7 Rd8+ 47. Kc7 Qd6+ 48. Kb7 Qb8+ 0-1

[Event "Schachbundesliga 2011/2012"]
[Site "Baden Baden GER"]
[Date "2012.04.15"]
[Round "15"]
[White "Adams, Michael"]
[Black "Neubauer, Martin"]
[Result "1/2-1/2"]
[WhiteElo "2733"]
[BlackElo "2431"]
[PlyCount "71"]
[EventDate "2011.10.14"]

1. e4 e5 2. Nf3 Nc6 3. Bb5 Nf6 4. d3 Bc5 5. Bxc6 dxc6 6. Nbd2 O-O 7. O-O Nd7 8.
Nc4 Re8 9. Bd2 f6 10. a4 Nf8 11. b4 Bd6 12. h3 Be6 13. Na5 Rb8 14. b5 c5 15.
Be3 Qd7 16. Nd2 a6 17. bxa6 b6 18. Nab3 Ra8 19. a5 Rxa6 20. axb6 Rxa1 21. Qxa1
cxb6 22. Rb1 Qc6 23. Qb2 Ra8 24. Nc1 Nd7 25. c4 Bc7 26. Ne2 Qd6 27. Qc2 Nb8 28.
Nc3 Nc6 29. Nd5 Ra3 30. Nb3 f5 31. f3 Bxd5 32. cxd5 Nd4 33. Qd1 b5 34. Bc1 Ra2
35. Rb2 Ra3 36. Rb1 1/2-1/2

[Event "Schachbundesliga 2011/2012"]
[Site "Berlin GER"]
[Date "2012.04.15"]
[Round "15"]
[White "Almasi, Zoltan"]
[Black "Fressinet, Laurent"]
[Result "1/2-1/2"]
[WhiteElo "2710"]
[BlackElo "2696"]
[PlyCount "49"]
[EventDate "2011.10.14"]

1. e4 e5 2. Nf3 Nc6 3. Bb5 a6 4. Ba4 Nf6 5. O-O Be7 6. d3 d6 7. c3 O-O 8. Re1
Re8 9. Nbd2 Bf8 10. Nf1 h6 11. h3 b5 12. Bb3 Na5 13. Bc2 c5 14. Ne3 Nc6 15. a4
Be6 16. Bb3 Qd7 17. Nh2 Bxb3 18. Qxb3 Qe6 19. Qd1 d5 20. Nhg4 Nxg4 21. Qxg4
Qxg4 22. hxg4 d4 23. Nd5 Bd6 24. Bd2 Reb8 25. axb5 1/2-1/2

[Event "Schachbundesliga 2011/2012"]
[Site "Baden Baden GER"]
[Date "2012.04.15"]
[Round "15"]
[White "Anand, Viswanathan"]
[Black "Buhmann, Rainer"]
[Result "1-0"]
[WhiteElo "2817"]
[BlackElo "2606"]
[PlyCount "131"]
[EventDate "2011.10.14"]

1. d4 d5 2. c4 c6 3. Nc3 Nf6 4. e3 a6 5. Nf3 b5 6. c5 g6 7. Ne5 Bg7 8. f4 O-O
9. Bd3 a5 10. Bd2 Be6 11. Qc2 Qc8 12. h3 Na6 13. a3 Nd7 14. Nf3 Naxc5 15. dxc5
Nxc5 16. Rc1 a4 17. Nd4 Bxd4 18. exd4 Nb3 19. Ne2 Nxc1 20. Nxc1 Bf5 21. Bxf5
Qxf5 22. Qxf5 gxf5 23. g4 f6 24. gxf5 Kf7 25. Kf2 Rfe8 26. Ne2 Rac8 27. Rc1 h5
28. Kf3 Rg8 29. Be1 Rg7 30. Ng3 h4 31. Nf1 Ke8 32. Bf2 Kd7 33. Ne3 Rcg8 34. Ng4
Rb8 35. Be1 Rh8 36. Rc2 Rhg8 37. Rg2 Kd6 38. Rh2 Rh8 39. Re2 Kd7 40. Rg2 Kd6
41. Bb4+ Kc7 42. Ne3 Rxg2 43. Nxg2 Kd7 44. Be1 Rc8 45. Bf2 Rb8 46. Ne1 b4 47.
axb4 Rxb4 48. Nd3 Rb3 49. Ke2 Ke8 50. Be1 Rb8 51. Kd1 Kf7 52. Kc2 Rh8 53. Kc3
Rh5 54. Kb4 Ke8 55. Kxa4 Kd7 56. Ka5 Rxf5 57. Kb6 Rh5 58. Kb7 Rh7 59. Ba5 Rg7
60. Nc5+ Ke8 61. Kxc6 Rg3 62. b4 Rxh3 63. b5 Rh1 64. b6 Rb1 65. b7 Rxb7 66.
Kxb7 1-0

[Event "Schachbundesliga 2011/2012"]
[Site "Baden Baden GER"]
[Date "2012.04.15"]
[Round "15"]
[White "Baramidze, David"]
[Black "Vallejo Pons, Francisco"]
[Result "1/2-1/2"]
[WhiteElo "2591"]
[BlackElo "2716"]
[PlyCount "74"]
[EventDate "2011.10.14"]

1. Nf3 d5 2. d4 Nf6 3. c4 c6 4. Nc3 dxc4 5. a4 Bf5 6. Ne5 e6 7. f3 Bb4 8. e4
Bxe4 9. fxe4 Nxe4 10. Bd2 Qxd4 11. Nxe4 Qxe4+ 12. Qe2 Bxd2+ 13. Kxd2 Qd5+ 14.
Kc3 O-O 15. Qe3 b5 16. Be2 Nd7 17. Nxd7 Qxd7 18. axb5 cxb5 19. Bf3 Rac8 20.
Rxa7 Qd6 21. Kc2 b4 22. h3 c3 23. b3 Rfd8 24. Rd1 Qg3 25. Rdd7 Rxd7 26. Rxd7 h5
27. Qd4 e5 28. Rd8+ Rxd8 29. Qxd8+ Kh7 30. Be4+ g6 31. Qf6 Qf4 32. Qxf4 exf4
33. Kd1 Kg7 34. Ke2 g5 35. Kf3 h4 36. Bc2 f6 37. Kg4 Kf7 1/2-1/2

[Event "Schachbundesliga 2011/2012"]
[Site "Baden Baden GER"]
[Date "2012.04.15"]
[Round "15"]
[White "Boguslavskyy, Oleg"]
[Black "Bacrot, Etienne"]
[Result "0-1"]
[WhiteElo "2467"]
[BlackElo "2705"]
[PlyCount "70"]
[EventDate "2011.10.14"]

1. e4 g6 2. d4 Bg7 3. Nc3 d6 4. Be3 a6 5. Nf3 b5 6. Bd3 Nd7 7. O-O Bb7 8. Qd2
Ngf6 9. e5 Ng4 10. e6 fxe6 11. Ng5 Nf8 12. a4 b4 13. Nce4 h6 14. Nf3 Nf6 15.
Nxf6+ exf6 16. Qxb4 Qc8 17. Nd2 Rb8 18. Qc4 f5 19. Nb3 Kf7 20. Rfd1 Nh7 21. Bf1
Nf6 22. Qe2 g5 23. f4 g4 24. Na5 Be4 25. c4 c5 26. Ra3 cxd4 27. Rxd4 e5 28.
Rxd6 exf4 29. Bf2 Bf8 30. c5 Bxd6 31. cxd6 f3 32. Qd2 fxg2 33. Bc4+ Kg6 34. Bd4
Rd8 35. Qf4 Nh5 0-1

[Event "Schachbundesliga 2011/2012"]
[Site "Berlin GER"]
[Date "2012.04.15"]
[Round "15"]
[White "McShane, Luke J"]
[Black "Socko, Bartosz"]
[Result "1-0"]
[WhiteElo "2671"]
[BlackElo "2628"]
[PlyCount "87"]
[EventDate "2011.10.14"]

1. e4 e6 2. d4 d5 3. Nd2 c5 4. Ngf3 cxd4 5. Nxd4 Nc6 6. Bb5 Bd7 7. Nxc6 Bxc6 8.
Bxc6+ bxc6 9. c4 dxe4 10. Nxe4 Qxd1+ 11. Kxd1 Nf6 12. Nxf6+ gxf6 13. Be3 Rg8
14. g3 c5 15. Kc2 Kd7 16. a3 Be7 17. Rhd1+ Kc7 18. b4 cxb4 19. axb4 Bxb4 20.
Ra6 Be7 21. Rda1 Rgc8 22. Rxa7+ Rxa7 23. Rxa7+ Kd8 24. Kd3 Ke8 25. Ra5 f5 26.
c5 h5 27. Kc4 Kd7 28. Rb5 Bd8 29. Rb7+ Rc7 30. Rb1 Bf6 31. Rb6 Ra7 32. Bf4 Kc8
33. Rb8+ Kd7 34. Rb6 Kc8 35. Rb8+ Kd7 36. Kb5 e5 37. Be3 Kc7 38. Rf8 Rb7+ 39.
Kc4 Kc6 40. Ra8 Kc7 41. Rf8 Kc6 42. Ra8 Kc7 43. c6 Rb2 44. Ra7+ 1-0

[Event "Schachbundesliga 2011/2012"]
[Site "Baden Baden GER"]
[Date "2012.04.15"]
[Round "15"]
[White "Naiditsch, Arkadij"]
[Black "Gasthofer, Alexander"]
[Result "1-0"]
[WhiteElo "2707"]
[BlackElo "2456"]
[PlyCount "45"]
[EventDate "2011.10.14"]

1. c4 e6 2. g3 d5 3. Bg2 c6 4. Qc2 f5 5. d4 Bd6 6. Nh3 Nf6 7. Bf4 O-O 8. Nd2 b6
9. O-O Bb7 10. Rfc1 Bxf4 11. Nxf4 Qe7 12. Nf3 Ne4 13. cxd5 exd5 14. Ne5 Rf6 15.
Qb3 Rd6 16. f3 Ng5 17. e4 Ne6 18. Nxe6 Qxe6 19. exf5 Qxf5 20. f4 Kh8 21. Qa3 c5
22. dxc5 Re6 23. cxb6 1-0

[Event "Schachbundesliga 2011/2012"]
[Site "Muelheim GER"]
[Date "2012.04.15"]
[Round "15"]
[White "Vachier-Lagrave, Maxime"]
[Black "Fedorchuk, Sergey A"]
[Result "1-0"]
[WhiteElo "2715"]
[BlackElo "2635"]
[PlyCount "111"]
[EventDate "2011.10.14"]

1. c4 Nf6 2. Nc3 e5 3. Nf3 Nc6 4. g3 d5 5. cxd5 Nxd5 6. Bg2 Nb6 7. O-O Be7 8.
a3 O-O 9. b4 Be6 10. Rb1 f6 11. d3 Nd4 12. Nh4 c6 13. e3 Nf5 14. Nxf5 Bxf5 15.
Qb3+ Kh8 16. Ne4 Bg6 17. Rd1 Bf7 18. Qc2 Qc7 19. Bb2 a5 20. d4 axb4 21. axb4
Nc4 22. dxe5 fxe5 23. Nc5 Rfd8 24. Bf1 Nxb2 25. Qxb2 Bd5 26. Ra1 Rxa1 27. Qxa1
Rf8 28. Bg2 Bxc5 29. bxc5 Qf7 30. Rd2 Bxg2 31. Kxg2 e4 32. h4 h6 33. Qb2 Qf3+
34. Kg1 Qf5 35. Qxb7 Qxc5 36. Kg2 Qc3 37. Qe7 Kg8 38. Qe6+ Kh8 39. Ra2 c5 40.
Qxe4 Qf6 41. Qd5 Rc8 42. Rc2 Qe7 43. Rc4 Qc7 44. g4 Qb6 45. g5 h5 46. Qf7 Qc6+
47. f3 g6 48. Re4 Qa6 49. Kg3 Qa1 50. Kf4 Qb2 51. Re8+ Rxe8 52. Qxe8+ Kh7 53.
Qf7+ Kh8 54. Qf8+ Kh7 55. Qh6+ Kg8 56. Qxg6+ 1-0

[Event "Schachbundesliga 2011/2012"]
[Site "Muelheim GER"]
[Date "2012.04.15"]
[Round "15"]
[White "Volokitin, Andrei"]
[Black "Ragger, Markus"]
[Result "1-0"]
[WhiteElo "2686"]
[BlackElo "2655"]
[PlyCount "83"]
[EventDate "2011.10.14"]

1. e4 e5 2. Nf3 Nc6 3. Bb5 a6 4. Ba4 Nf6 5. O-O b5 6. Bb3 Bc5 7. c3 d6 8. a4
Rb8 9. d4 Bb6 10. Na3 O-O 11. axb5 axb5 12. Nxb5 Bg4 13. Bc2 Qd7 14. Bg5 Nb4
15. cxb4 Qxb5 16. dxe5 dxe5 17. Qd3 Qxd3 18. Bxd3 Bxf3 19. gxf3 h6 20. Bc1 Rfd8
21. Bc4 Bd4 22. Ra4 Nh5 23. b5 Nf4 24. Ra6 Nh3+ 25. Kg2 Nf4+ 26. Kg3 Bb6 27.
Bxf4 exf4+ 28. Kxf4 Rd2 29. Kg3 Rxb2 30. Ra2 Rxa2 31. Bxa2 Ra8 32. Bd5 Ra3 33.
Rd1 g5 34. Bc6 Ra2 35. Rd7 Ra1 36. Kg4 Kg7 37. Kf5 Ra3 38. e5 Ra4 39. e6 Rf4+
40. Ke5 Rf6 41. Bd5 Rf4 42. Be4 1-0

[Event "Hungarian League 2011/2012"]
[Site "Makó"]
[Date "2011.09.25"]
[Round "1"]
[White "Berkes, Ferenc"]
[Black "Erdos, Viktor"]
[Result "1/2-1/2"]
[WhiteElo "2706"]
[BlackElo "2608"]
[PlyCount "89"]
[EventDate "2011.??.??"]
[EventRounds "11"]
[EventCountry "HUN"]
[Source "MOST"]
[SourceDate "2011.09.27"]
[WhiteTeam "Âåíãðèÿ"]
[BlackTeam "Âåíãðèÿ"]
[WhiteTeamCountry "HUN"]
[BlackTeamCountry "HUN"]

1. e4 e5 2. Nf3 Nc6 3. Bb5 Nf6 4. O-O Nxe4 5. d4 Be7 6. Qe2 Nd6 7. Bxc6 bxc6 8.
dxe5 Nb7 9. b3 O-O 10. Bb2 d5 11. exd6 cxd6 12. Re1 Re8 13. Nbd2 Bd7 14. Nc4
Bf8 15. Qd2 Be6 16. Qf4 d5 17. Nce5 Qc7 18. Ng5 f6 19. Nxe6 Rxe6 20. Nd3 Rxe1+
21. Rxe1 Qxf4 22. Nxf4 Kf7 23. Kf1 Bd6 24. Nd3 Nc5 25. Rc1 Ke6 26. Ke2 Re8 27.
Kf3 Nxd3 28. cxd3 Kd7 29. h4 Be5 30. Ba3 Bd6 31. Bc5 a5 32. h5 Kc7 33. Bxd6+
Kxd6 34. Rh1 Rb8 35. Rh3 a4 36. bxa4 c5 37. Rg3 Rb7 38. a5 Ra7 39. Rg4 d4 40.
a4 Kd5 41. Ke2 c4 42. dxc4+ Kxc4 43. Kd2 f5 44. Rg5 g6 45. hxg6 1/2-1/2

[Event "Hungarian League 2011/2012"]
[Site "Paks"]
[Date "2011.10.30"]
[Round "2"]
[White "Berkes, Ferenc"]
[Black "Toth, Ervin"]
[Result "1-0"]
[WhiteElo "2706"]
[BlackElo "2472"]
[PlyCount "69"]
[EventDate "2011.??.??"]
[EventRounds "11"]
[EventCountry "HUN"]
[Source "MOST"]
[SourceDate "2011.10.30"]
[WhiteTeam "Âåíãðèÿ"]
[BlackTeam "Âåíãðèÿ"]
[WhiteTeamCountry "HUN"]
[BlackTeamCountry "HUN"]

1. g3 Nf6 2. Bg2 g6 3. d4 Bg7 4. e4 d6 5. Ne2 O-O 6. O-O Nbd7 7. h3 e5 8. Nbc3
c6 9. a4 Re8 10. Re1 Qa5 11. d5 Qc7 12. Be3 a6 13. Qd2 Rb8 14. Red1 Bf8 15. g4
c5 16. Ng3 Rd8 17. a5 b5 18. axb6 Nxb6 19. b3 Ne8 20. Bf1 Ra8 21. Ra2 Ng7 22.
Rda1 f5 23. Bg5 Be7 24. Bxa6 Bxa6 25. Rxa6 Rxa6 26. Rxa6 Nc8 27. exf5 gxf5 28.
gxf5 Rf8 29. Ra8 Nxf5 30. Nxf5 Rxf5 31. Bxe7 Qb7 32. Rxc8+ Qxc8 33. Ne4 Rf4 34.
Qd3 Qf5 35. Qg3+ 1-0

[Event "Hungarian League 2011/2012"]
[Site "Budapest"]
[Date "2011.11.13"]
[Round "3"]
[White "Berkes, Ferenc"]
[Black "Czebe, Attila"]
[Result "1-0"]
[WhiteElo "2706"]
[BlackElo "2513"]
[PlyCount "59"]
[EventDate "2011.??.??"]
[EventRounds "11"]
[EventCountry "HUN"]
[Source "MOST"]
[SourceDate "2011.09.27"]
[WhiteTeam "Âåíãðèÿ"]
[BlackTeam "Âåíãðèÿ"]
[WhiteTeamCountry "HUN"]
[BlackTeamCountry "HUN"]

1. d4 d6 2. c4 e5 3. Nf3 exd4 4. Nxd4 g6 5. Nc3 Bg7 6. e4 Ne7 7. h4 Nbc6 8. Be3
O-O 9. h5 f5 10. hxg6 hxg6 11. c5 Nxd4 12. Bxd4 Be6 13. Bxg7 Kxg7 14. Qd4+ Rf6
15. Bb5 Qf8 16. cxd6 cxd6 17. Qxd6 Rd8 18. Qh2 Qh8 19. Qxh8+ Rxh8 20. Rxh8 Kxh8
21. e5 Rf8 22. Rd1 f4 23. Rd6 Bf5 24. Ne2 g5 25. Nd4 a6 26. Ba4 Rc8 27. Kd2 Rc5
28. Rh6+ Kg7 29. Re6 Rd5 30. Rxe7+ 1-0

[Event "Hungarian League 2011/2012"]
[Site "Komárom"]
[Date "2011.11.27"]
[Round "4"]
[White "Berkes, Ferenc"]
[Black "Vajda, Levente"]
[Result "1/2-1/2"]
[WhiteElo "2706"]
[BlackElo "2557"]
[PlyCount "85"]
[EventDate "2011.??.??"]
[EventRounds "11"]
[EventCountry "HUN"]
[Source "MOST"]
[SourceDate "2011.09.27"]
[WhiteTeam "Âåíãðèÿ"]
[BlackTeam "Âåíãðèÿ"]
[WhiteTeamCountry "HUN"]
[BlackTeamCountry "HUN"]

1. g3 Nf6 2. Bg2 g6 3. d4 Bg7 4. e4 d6 5. Ne2 O-O 6. O-O e5 7. Nbc3 Nc6 8. dxe5
dxe5 9. Be3 Bg4 10. h3 Qxd1 11. Raxd1 Bxe2 12. Nxe2 Rfd8 13. f4 Ne8 14. c3 Rxd1
15. Rxd1 Nd6 16. Bc5 Bf8 17. f5 Rd8 18. Kh2 gxf5 19. exf5 Nxf5 20. Rxd8 Nxd8
21. Bxa7 b6 22. a4 Bd6 23. c4 Ne7 24. a5 Nc8 25. Bb8 bxa5 26. c5 Bxc5 27. Bxc7
Ne6 28. Bxa5 f5 29. b4 Bf2 30. Bb7 Nd6 31. Bd5 Kf7 32. Kg2 Be1 33. Nc1 e4 34.
g4 fxg4 35. hxg4 Kf6 36. Kf1 Bd2 37. Nb3 Bc3 38. Bc6 Ke5 39. b5 Bxa5 40. Nxa5
Nd4 41. b6 Nxc6 42. Nxc6+ Kf4 43. Nd8 1/2-1/2

[Event "Hungarian League 2011/2012"]
[Site "Nagykanizsa"]
[Date "2011.11.27"]
[Round "4"]
[White "Czebe, Attila"]
[Black "Efimenko, Zahar"]
[Result "0-1"]
[WhiteElo "2513"]
[BlackElo "2703"]
[PlyCount "65"]
[EventDate "2011.??.??"]
[EventRounds "11"]
[EventCountry "HUN"]
[Source "MOST"]
[SourceDate "2011.09.27"]
[WhiteTeam "Âåíãðèÿ"]
[BlackTeam "Âåíãðèÿ"]
[WhiteTeamCountry "HUN"]
[BlackTeamCountry "HUN"]

1. Nf3 Nf6 2. g3 d5 3. Bg2 g6 4. d4 Bg7 5. c4 dxc4 6. Na3 c3 7. bxc3 O-O 8. O-O
c5 9. Ne5 Nc6 10. Nxc6 bxc6 11. Bxc6 Bh3 12. Re1 Nd5 13. Bb2 Rc8 14. Bxd5 Qxd5
15. e4 Qd7 16. d5 c4 17. Qe2 f5 18. exf5 Qxf5 19. Nc2 Qxd5 20. Ne3 Qc6 21. Rad1
Qa8 22. Qd2 Qf3 23. Qe2 Qb7 24. Qd2 Qf3 25. Qe2 Qa8 26. Rd5 Rf7 27. Red1 Rcf8
28. R5d2 Bh6 29. f4 g5 30. Qxc4 Qf3 31. Qe2 Qxe2 32. Rxe2 gxf4 33. Nd5 {...}
0-1

[Event "Four Nations Chess League (GBR)"]
[Site "Barcelo Hotel, Hinkley Island,"]
[Date "2012.01.14"]
[Round "3"]
[White "Short, Nigel D"]
[Black "Spence, David J"]
[Result "1-0"]
[WhiteElo "2677"]
[BlackElo "2213"]
[PlyCount "57"]
[EventDate "2012.??.??"]

1. d4 e6 2. Nf3 Nf6 3. g3 c5 4. Bg2 cxd4 5. Nxd4 d5 6. O-O e5 7. Nb3 Nc6 8. Bg5
Be6 9. Nc3 d4 10. Ne4 Be7 11. Nec5 Bc8 12. e3 dxe3 13. Qxd8+ Kxd8 14. Bxe3 Kc7
15. Rfe1 Ng4 16. Bd2 f6 17. h3 Nh6 18. Bxh6 gxh6 19. Rad1 b6 20. Ne4 Be6 21.
Nc3 a6 22. Nd5+ Bxd5 23. Bxd5 Rad8 24. Be4 Rxd1 25. Rxd1 Bd6 26. Nd2 Ne7 27.
Bd3 Nc6 28. Bxa6 Nb4 29. Bb5 1-0

[Event "Four Nations Chess League (GBR)"]
[Site "Barcelo Hotel, Hinckley Island"]
[Date "2012.01.15"]
[Round "4"]
[White "Vachier-Lagrave, Maxime"]
[Black "Gordon, Stephen J"]
[Result "1/2-1/2"]
[WhiteElo "2699"]
[BlackElo "2535"]
[PlyCount "93"]
[EventDate "2012.??.??"]

1. e4 c5 2. Nf3 d6 3. d4 cxd4 4. Nxd4 Nf6 5. Nc3 a6 6. h3 e6 7. g4 d5 8. exd5
Nxd5 9. Nde2 Bb4 10. Bg2 O-O 11. O-O Bxc3 12. Nxc3 Nxc3 13. bxc3 Qa5 14. Qd6
Nc6 15. Bxc6 bxc6 16. Ba3 Re8 17. Bb4 Qa4 18. Rad1 c5 19. Bxc5 Bb7 20. Qc7 Bd5
21. Qe5 Rac8 22. Bd4 f6 23. Qg3 e5 24. g5 f5 25. Bxe5 Qe4 26. f3 Qe3+ 27. Qf2
Qxg5+ 28. Kh2 Rxe5 29. f4 Qg2+ 30. Qxg2 Bxg2 31. Rg1 Re4 32. Rxg2 Rxf4 33. Rd7
g6 34. Re2 Re4 35. Rxe4 fxe4 36. Rd6 e3 37. Kg2 Rxc3 38. Rxa6 Rxc2+ 39. Kf3 e2
40. Kf2 Kg7 41. Ra4 Rc3 42. h4 Re3 43. Ke1 Kh6 44. Rb4 Ra3 45. Kxe2 Rxa2+ 46.
Kf3 Ra3+ 47. Ke4 1/2-1/2

[Event "Four Nations Chess League (GBR)"]
[Site "De Vere, Sunningdale, ENG"]
[Date "2012.02.11"]
[Round "5"]
[White "Adams, Michael"]
[Black "Morrison, Graham"]
[Result "1-0"]
[WhiteElo "2724"]
[BlackElo "2348"]
[PlyCount "49"]
[EventDate "2012.??.??"]

1. e4 c5 2. Nf3 e6 3. d4 cxd4 4. Nxd4 Nc6 5. Nc3 d6 6. Be3 Nf6 7. Qe2 Be7 8.
O-O-O O-O 9. g4 Nxd4 10. Bxd4 e5 11. Bxe5 Bxg4 12. f3 Be6 13. Rg1 Rc8 14. Bd4
Qa5 15. f4 Rxc3 16. Bxc3 Qxa2 17. f5 Bd7 18. Rxg7+ Kxg7 19. Qg4+ Kh8 20. Qh4
Rc8 21. Bxf6+ Bxf6 22. Qxf6+ Kg8 23. Bc4 Qa1+ 24. Kd2 Qa5+ 25. c3 1-0

[Event "Kramnik-Aronian Match"]
[Site "?"]
[Date "2012.04.21"]
[Round "1"]
[White "Kramnik, Vladimir"]
[Black "Aronian, Levon"]
[Result "0-1"]
[WhiteElo "2801"]
[BlackElo "2820"]
[PlyCount "82"]
[EventDate "2012.??.??"]
[SourceDate "2012.04.22"]

1. Nf3 d5 2. d4 Nf6 3. c4 c6 4. Nc3 e6 5. Bg5 h6 6. Bxf6 Qxf6 7. e3 Nd7 8. Bd3
dxc4 9. Bxc4 g6 10. O-O Bg7 11. Re1 O-O 12. e4 e5 13. d5 Rd8 14. Re3 b5 15.
dxc6 bxc4 16. Nd5 Qe6 17. cxd7 Rxd7 18. Qa4 Bb7 19. Qxc4 Bxd5 20. exd5 Qxd5 21.
Qxd5 Rxd5 22. Rae1 Re8 23. g4 Kh7 24. g5 hxg5 25. Nxg5+ Kg8 26. f4 Rb8 27. fxe5
Rxb2 28. Nf3 Rxa2 29. e6 fxe6 30. Rxe6 Rf5 31. Nh4 Rf4 32. R6e4 Rf6 33. Rg4 Kf7
34. Rc1 Bh6 35. Rc7+ Ke8 36. Re4+ Kd8 37. Rh7 Bf8 38. Rd4+ Kc8 39. Rc4+ Kb8 40.
Rd7 g5 41. Ng6 Bd6 0-1